LDR 01026naa#a2200181#i#450# 001 EN\\bibl\120466 005 20260703071727.5 011 ## _a2782-5957 100 ## _a20260430b2026####ek#y0engy0150####ca 102 ## _aRU 200 1# _aDEVELOPMENT OF SOFTWARE FOR AUTOMATING THE DESIGN OF A MOBILE INDUSTRIAL ROBOT _eJournal article 210 1# _aBryansk _cBryansk State Technical University _d2026 215 ## _a9 с. 608 ## _aJournal article _2local 675 ## _aПрограммные средства. 004.4 _aВспомогательные подъемно-транспортные средства.. 621.865 _aАвтоматика. Теория, методы расчета и аппаратура систем автоматического управления и регулирования. Техническая кибернетика. Техника автоматизации. 681.5 _z 686 ## _aОбщее машиностроение. Машиноведение. 344 _2bbk 700 #1 _aOrujeva _gGulshan Elshad 856 4# _anaukaru.ru _u